| 000 -LEADER |
| fixed length control field |
00784nam a22001577a 4500 |
| 003 - CONTROL NUMBER IDENTIFIER |
| control field |
OSt |
| 005 - DATE AND TIME OF LATEST TRANSACTION |
| control field |
20150921163448.0 |
| 008 - FIXED-LENGTH DATA ELEMENTS--GENERAL INFORMATION |
| fixed length control field |
150921b xxu||||| |||| 00| 0 eng d |
| 040 ## - CATALOGING SOURCE |
| Transcribing agency |
RUA |
| 082 ## - DEWEY DECIMAL CLASSIFICATION NUMBER |
| Classification number |
AGR EM 2009 BO43 Or.1 |
| 100 ## - MAIN ENTRY--PERSONAL NAME |
| 9 (RLIN) |
1041 |
| Personal name |
ME, SOTHEARY |
| 245 ## - TITLE STATEMENT |
| Title |
EFFECT OF ORGANIC FERTILIZER ON GARLAND CHRYSANTHEMUM CULTIVATED UNDER SHADE NET AT ROYAL UNIVERSITY OF AGRICULTURE ឥទ្ធិពលជីសរីរាង្គលើដំណាំតាំងអោរក្រោមម្លប់សំណាញ់ខៀវ នៅស្ហានីយ៍ពិសោធន៍ដំណាំនៃសាកលវិទ្យាល័យភូមិន្ធកសិកម្ម. |
| 260 ## - PUBLICATION, DISTRIBUTION, ETC. (IMPRINT) |
| Place of publication, distribution, etc. |
PHNOM PHEN |
| Name of publisher, distributor, etc. |
RUA |
| Date of publication, distribution, etc. |
2009 |
| 300 ## - PHYSICAL DESCRIPTION |
| Extent |
XIII,53P |
| Other physical details |
ILL. |
| Dimensions |
29CMM. |
| 942 ## - ADDED ENTRY ELEMENTS (KOHA) |
| Source of classification or shelving scheme |
|
| Koha item type |
AGR |